000 01185nam a2200265Ia 4500
003 OSt
005 20220923211431.0
006 a|||||r|||| 00| 0
007 ta
008 220922b |||||||| |||| 00| 0 hin d
020 _a9789350001042 (hbk)
_c200
024 _a241,912
037 _b447, 18/02/2010, Vani Prakashan
_cTextual
040 _aARTS
_cARTS
_bhin
041 _2hin
_ahin
082 _aO153,3N37x, 152P9
100 _aभुल्लर, गुरबचन सिंह; बिन्द्रा, जसविन्दर कौर, अनु.
_9160465
245 0 _aगुरबचन सिंह भुल्लर की चुनिंदा कहानियॉं
246 _aGurabachan sianha bhullar kī chuniandā kahāniyaॉan
260 _aनयी दिल्ली
_b वाणी प्रकाशन
_c2009
300 _a164पृ.
_ccm.
650 _aपंजाबी निबंध
942 _hO153,3N37x, 152P9
_cTEXL
_2CC
999 _c299444
_d299444